[Event "N3"]
[Site "?"]
[Date "2003.??.??"]
[Round "8"]
[White "Bertrand, Frederic"]
[Black "Aguirre, Simon"]
[Result "1/2-1/2"]
[WhiteElo "2233"]
[BlackElo "2172"]
[EventDate "2003.??.??"]
[Annotator "Montpellier/Tournefeuille"]
[PlyCount "39"]

1.d4 d5 2.c4 c6 3.e3 Nf6 4.Nc3 a6 5.a4 Bf5 6.Nf3 Nbd7 7.Bd3 Bxd3 8.Qxd3 e6
9.O-O Bb4 10.Bd2 Qa5 11.Ne1 e5 12.Nc2 dxc4 13.Qxc4 Bxc3 14.Bxc3 Qd5 15.
Qxd5 Nxd5 16.dxe5 Nxc3 17.bxc3 Nxe5 18.Rfb1 O-O-O 19.Nd4 Rd7 20.Kf1 
1/2-1/2

[Event "N3"]
[Site "?"]
[Date "2003.??.??"]
[Round "9"]
[White "Hasbi, Nabil"]
[Black "Barthelemy, Guy"]
[Result "1-0"]
[WhiteElo "1950"]
[BlackElo "2030"]
[EventDate "2003.??.??"]
[Annotator "Beziers/Montpellier"]
[PlyCount "87"]

1.e4 e6 2.d4 d5 3.Nd2 Ne7 4.e5 c5 5.c3 Nf5 6.Nb3 b6 7.Bb5+ Bd7 8.Be2 Ba4 
9.dxc5 bxc5 10.c4 Nc6 11.Nf3 d4 12.Bd3 Be7 13.Qe2 Rb8 14.Nbd2 Nb4 15.b3 
Nxd3+ 16.Qxd3 Bc6 17.O-O O-O 18.Ne4 Qc7 19.Re1 Qb7 20.g4 Nh6 21.h3 Kh8 22.
Nfg5 g6 23.Nxe6 Nxg4 24.Nxf8 Nxe5 25.Nxg6+ hxg6 26.Qg3 f6 27.Bf4 Bxe4 28.
Bxe5 fxe5 29.Qxe5+ Kg8 30.Qxe4 Qxe4 31.Rxe4 Bf8 32.Kf1 Kf7 33.Ke2 a5 34.
Kd3 a4 35.Rb1 Rb6 36.Rf4+ Kg7 37.Re4 Bd6 38.Ree1 a3 39.Re6 Kf7 40.Rbe1 Kg7
41.Ke4 Kf7 42.Kd5 Rxb3 43.axb3 d3 44.Rxd6 1-0

[Event "N3"]
[Site "?"]
[Date "2003.??.??"]
[Round "9"]
[White "Laclau, Daniel"]
[Black "Bertrand, Frederic"]
[Result "1/2-1/2"]
[WhiteElo "2295"]
[BlackElo "2233"]
[EventDate "2003.??.??"]
[Annotator "Beziers/Montpellier"]
[PlyCount "44"]

1.d4 d5 2.Nf3 Nf6 3.c4 c6 4.e3 g6 5.Nc3 Bg7 6.Be2 O-O 7.O-O dxc4 8.Bxc4 b5
9.Bd3 Nbd7 10.Qc2 Bb7 11.e4 e5 12.dxe5 Ng4 13.Bg5 Qe8 14.h3 Ngxe5 15.Nxe5 
Nxe5 16.Be2 f6 17.Be3 Rf7 18.Rad1 a6 19.Rd2 Qe6 20.Rfd1 Bf8 21.f4 Nc4 22.
Qb3 Re8 1/2-1/2

[Event "N3"]
[Site "?"]
[Date "2003.??.??"]
[Round "8"]
[White "Puchol, Romain"]
[Black "Garaud, Alain"]
[Result "0-1"]
[WhiteElo "1250"]
[BlackElo "1930"]
[EventDate "2003.??.??"]
[Annotator "Carcassone/ET"]
[PlyCount "94"]

1.e4 c6 2.d4 d5 3.Nc3 dxe4 4.Nxe4 Nf6 5.Qe2 Qxd4 6.Nxf6+ Qxf6 7.g3 e5 8.
Bg2 Bd6 9.Nf3 Bg4 10.O-O O-O 11.h3 Bh5 12.g4 Bg6 13.Bg5 Qe6 14.Rae1 Qxa2 
15.Nxe5 Bxe5 16.Qxe5 f6 17.Bxf6 Rxf6 18.Rd1 Na6 19.Rd7 Qe6 20.Qxe6+ Rxe6 
21.Rxb7 Bxc2 22.Rc1 Ba4 23.b3 Bb5 24.Rxb5 Rb8 25.Rxb8+ Nxb8 26.Ra1 a6 27.
f4 Kf8 28.b4 Ke7 29.Kf2 Kd6 30.f5 Re7 31.Kg3 Rb7 32.Bf1 Rxb4 33.Bxa6 Nxa6 
34.Rxa6 Rb7 35.Kf4 h6 36.f6 Rf7 37.g5 hxg5+ 38.Kxg5 Rxf6 39.Ra7 Rf3 40.h4 
Rg3+ 41.Kf4 Rg2 42.h5 Kd5 43.Kf5 c5 44.Ra8 c4 45.Rg8 c3 46.h6 Rf2+ 47.Kg6 
gxh6 0-1

[Event "N3"]
[Site "?"]
[Date "2003.??.??"]
[Round "9"]
[White "Lenfant, Francois"]
[Black "Giordano, Christian"]
[Result "1/2-1/2"]
[WhiteElo "2106"]
[BlackElo "2184"]
[EventDate "2003.??.??"]
[Annotator "Montpellier/Beziers"]
[PlyCount "27"]

1.d4 d5 2.c4 e6 3.Nc3 Be7 4.Nf3 Nf6 5.cxd5 exd5 6.Bg5 c6 7.e3 Bf5 8.Ne5 
Nbd7 9.Nxd7 Qxd7 10.Bxf6 Bxf6 11.Bd3 O-O 12.O-O Rfe8 13.b4 Bxd3 14.Qxd3 
1/2-1/2

[Event "N3"]
[Site "?"]
[Date "2003.??.??"]
[Round "9"]
[White "Marciniak, Alexandre"]
[Black "Savy, Laurent"]
[Result "1/2-1/2"]
[WhiteElo "2170"]
[BlackElo "2135"]
[EventDate "2003.??.??"]
[Annotator "Agen/Perpignan"]
[PlyCount "89"]

1.e4 c5 2.d4 cxd4 3.c3 d3 4.Bxd3 Nc6 5.c4 d6 6.Nc3 g6 7.Be3 Bg7 8.Rc1 Nf6 
9.h3 O-O 10.Nf3 Nd7 11.O-O Nde5 12.Be2 Nxf3+ 13.Bxf3 Be6 14.b3 Rc8 15.Qd2 
f5 16.exf5 Bxf5 17.g4 Bd7 18.Bg2 b6 19.f4 Be6 20.Ne4 h6 21.Ng3 Bf7 22.Rcd1
Qc7 23.Be4 Rcd8 24.h4 e6 25.Qg2 Ne7 26.f5 exf5 27.gxf5 gxf5 28.Nxf5 Nxf5 
29.Bxf5 Kh8 30.Kh1 Rg8 31.Rg1 Qe7 32.Qh3 Be8 33.Be6 Bc6+ 34.Bd5 Bxd5+ 35.
Rxd5 Qe4+ 36.Rg2 Be5 37.Rd2 Rg3 38.Qe6 Qxh4+ 39.Rh2 Qe4+ 40.Rdg2 Qb1+ 41.
Bg1 Rxg2 42.Qxh6+ Kg8 43.Rxg2+ Kf7 44.Rf2+ Ke7 45.Qh4+ 1/2-1/2

[Event "2E Open Condom"]
[Site "?"]
[Date "2003.??.??"]
[Round "2.34"]
[White "Woloszyn, Florent"]
[Black "Riff"]
[Result "0-1"]
[WhiteElo "1890"]
[BlackElo "2110"]
[EventDate "2003.??.??"]
[PlyCount "38"]

1.d4 Nf6 2.Nf3 e6 3.Bg5 h6 4.Bh4 Be7 5.Nbd2 b6 6.e3 Bb7 7.Bd3 d6 8.Qe2 
Nbd7 9.O-O e5 10.dxe5 dxe5 11.e4 Nh5 12.Nxe5 Nf4 13.Qe3 Nxg2 14.Kxg2 Nxe5 
15.Bxe7 Qxe7 16.Bb5+ Kf8 17.f3 Qg5+ 18.Kf2 Ng6 19.Bd7 Rd8 0-1

[Event "2eme Open de Condom"]
[Site "?"]
[Date "2003.??.??"]
[Round "?"]
[White "Cwiek, Loic"]
[Black "Pages, Jeremy"]
[Result "1-0"]
[WhiteElo "2155"]
[BlackElo "1920"]
[EventDate "2003.??.??"]
[PlyCount "67"]

1.d4 d5 2.c4 e6 3.Nc3 Nf6 4.e3 Be7 5.Nf3 O-O 6.Bd3 c5 7.cxd5 exd5 8.dxc5 
Bxc5 9.h3 Nc6 10.Ne2 Qb6 11.O-O Be6 12.Ng5 Ne5 13.Bc2 Rac8 14.Nf4 Rfd8 15.
Bb3 h6 16.Ngxe6 fxe6 17.Bd2 Ne4 18.Rc1 Nxd2 19.Qxd2 Nc4 20.Bxc4 dxc4 21.
Qe2 Rc6 22.Rxc4 Qa5 23.Rfc1 Rd2 24.Qh5 Bb6 25.Qe8+ Kh7 26.Qg6+ Kh8 27.Nxe6
Rxe6 28.Rc8+ Bd8 29.Qxe6 Qh5 30.Qe7 Qd5 31.R1c7 Qg8 32.Rd7 Bxe7 33.Rxg8+ 
Kxg8 34.Rxd2 1-0

[Event "N3"]
[Site "?"]
[Date "2003.??.??"]
[Round "9"]
[White "Woloszyn, Florent"]
[Black "Levitt, Olivier"]
[Result "1-0"]
[WhiteElo "1860"]
[BlackElo "1780"]
[EventDate "2003.??.??"]
[Annotator "Condom/CEIT"]
[PlyCount "57"]

1.d4 d5 2.Nf3 Nf6 3.Bf4 Bf5 4.e3 e6 5.c3 Nbd7 6.Qb3 Nb6 7.Nbd2 Be7 8.Be2 
O-O 9.Ne5 Nfd7 10.g4 Bg6 11.Nxg6 hxg6 12.Bg3 Bh4 13.Nf3 g5 14.Nd2 Nf6 15.
Qc2 Ne4 16.Nxe4 dxe4 17.Qxe4 Qd5 18.Bd3 Qxe4 19.Bxe4 Bxg3 20.hxg3 g6 21.
Bxb7 Rab8 22.Bf3 Na4 23.b3 Nxc3 24.Kd2 Nd5 25.Bxd5 exd5 26.Rhc1 Rb7 27.Rc6
Kg7 28.Rac1 Rc8 29.R1c5 1-0

[Event "N3"]
[Site "?"]
[Date "2003.??.??"]
[Round "9"]
[White "Materre, Dominique"]
[Black "Daragon, Bruno"]
[Result "0-1"]
[WhiteElo "1760"]
[BlackElo "1900"]
[EventDate "2003.??.??"]
[Annotator "Cahors/ET"]
[PlyCount "184"]

1.d4 Nf6 2.Nf3 d6 3.c4 g6 4.Nc3 Bg7 5.Bg5 O-O 6.e3 Nbd7 7.h3 Re8 8.Bd3 e5 
9.O-O h6 10.Bxf6 Bxf6 11.Qb3 Bg7 12.Rad1 exd4 13.Nxd4 Nc5 14.Qc2 Nxd3 15.
Qxd3 c6 16.Nf3 Be6 17.b3 Qa5 18.Nd4 Rad8 19.Na4 Bc8 20.Qc2 Qg5 21.Nf3 Qh5 
22.Nc3 Bxh3 23.gxh3 Qxf3 24.Rd3 Re5 25.Ne2 Rg5+ 26.Ng3 Be5 27.e4 Qxe4 28.
Qd2 Bf4 29.Kh2 Bxd2 30.Nxe4 Bf4+ 31.Kh1 Ra5 32.a4 Kg7 33.Rfd1 d5 34.Kg2 
Re8 35.Nc3 dxc4 36.bxc4 Rc5 37.Kf3 Rxc4 38.a5 Bc7 39.Rb1 Bxa5 40.Ne2 Rce4 
41.Nd4 c5 42.Nb5 Rb4 43.Rxb4 Bxb4 44.Nxa7 Ra8 45.Nb5 Ra1 46.Nd6 c4 47.Nxc4
Rh1 48.Kg2 Re1 49.Rb3 Bc5 50.Rxb7 Re2 51.Rb2 Re4 52.Rc2 Be7 53.f3 Re6 54.
Rd2 f5 55.Ra2 g5 56.Ra7 Kf6 57.Ra2 Bc5 58.Kg3 h5 59.Kg2 g4 60.hxg4 hxg4 
61.fxg4 fxg4 62.Kg3 Re4 63.Ra6+ Kf5 64.Nd6+ Bxd6+ 65.Rxd6 Re3+ 66.Kf2 Rf3+
67.Kg2 Re3 68.Rd8 Re2+ 69.Kg3 Re3+ 70.Kf2 Rf3+ 71.Kg2 Ra3 72.Rd5+ Ke4 73.
Rg5 Kf4 74.Rg8 Ra2+ 75.Kf1 Kg3 76.Ke1 Ra1+ 77.Ke2 Rh1 78.Ke3 Rh3 79.Rg7 
Kg2+ 80.Ke2 g3 81.Ra7 Rh2 82.Ke3 Kh3 83.Rh7+ Kg2 84.Ra7 Rh1 85.Ra2+ Kh3 
86.Ra8 g2 87.Rh8+ Kg3 88.Rg8+ Kh2 89.Rh8+ Kg1 90.Ra8 Rh3+ 91.Ke2 Kh1 92.
Ra1+ g1=Q 0-1

[Event "Condom"]
[Site "?"]
[Date "2003.??.??"]
[Round "7.54"]
[White "Babu, Anthony"]
[Black "Dury, Renaud"]
[Result "1-0"]
[WhiteElo "1860"]
[BlackElo "1499"]
[EventDate "2003.??.??"]
[PlyCount "25"]

1.e4 b6 2.Nc3 Bb7 3.Bc4 e6 4.d3 f5 5.exf5 Bxg2 6.Qh5+ g6 7.fxg6 Bg7 8.
gxh7+ Kf8 9.hxg8=Q+ Kxg8 10.Qg4 Bxh1 11.Bg5 Bxc3+ 12.bxc3 Qf8 13.Bh6+ 1-0

[Event "2eme Open International de Condom"]
[Site "?"]
[Date "2003.??.??"]
[Round "1.14"]
[White "Sebe-Vodislav, Razvan-Alexandru"]
[Black "Beuselinck, Steven"]
[Result "1/2-1/2"]
[WhiteElo "2303"]
[BlackElo "2111"]
[EventDate "2003.??.??"]
[PlyCount "80"]

1.c4 e5 2.a3 g6 3.Nc3 Bg7 4.g3 d6 5.Bg2 Nc6 6.d3 Be6 7.Rb1 Qd7 8.e3 Nf6 9.
Nd5 Nh5 10.Ne2 Nd8 11.e4 c6 12.Ndc3 Bh3 13.O-O O-O 14.d4 Bxg2 15.Kxg2 exd4
16.Nxd4 Ne6 17.Nde2 f5 18.f3 fxe4 19.Nxe4 d5 20.cxd5 cxd5 21.Ng5 Rae8 22.
Nc3 Nxg5 23.Bxg5 h6 24.Bd2 Nf6 25.Qb3 Kh7 26.Rbe1 d4 27.Ne2 Nd5 28.Qd3 
Ne3+ 29.Bxe3 Rxe3 30.Qd2 Qf5 31.Nf4 Rfe8 32.Rxe3 dxe3 33.Qe2 Bd4 34.Rd1 
Bb6 35.Rd5 Re5 36.Rxe5 Qxe5 37.h4 Qd4 38.h5 Qd2 39.hxg6+ Kg7 40.Kf1 Qc1+ 
1/2-1/2

[Event "N3"]
[Site "?"]
[Date "2003.??.??"]
[Round "9"]
[White "Mohtaji, Javad"]
[Black "Beaurain, Jerome"]
[Result "1-0"]
[WhiteElo "2048"]
[BlackElo "2105"]
[EventDate "2003.??.??"]
[Annotator "CEIT/Condom"]
[PlyCount "105"]

1.e4 c5 2.Nf3 Nc6 3.d4 cxd4 4.Nxd4 Nf6 5.Nc3 e5 6.Ndb5 d6 7.Bg5 a6 8.Bxf6 
gxf6 9.Na3 b5 10.Nd5 Bg7 11.c3 f5 12.exf5 Bxf5 13.Qf3 Bd7 14.Bd3 O-O 15.
Bf5 e4 16.Qh3 Bxf5 17.Qxf5 Re8 18.Rd1 Ne5 19.O-O Nd3 20.Rd2 Re5 21.Qg4 f5 
22.Qd1 Rxd5 23.Qb3 Kh8 24.Qxd5 Ne5 25.Nc2 Bh6 26.Ne3 f4 27.Nf5 Nf3+ 28.
gxf3 Qg5+ 29.Ng3 fxg3 30.Qxa8+ Kg7 31.Qb7+ Kh8 32.Qc8+ Kg7 33.Qg4 gxh2+ 
34.Kxh2 Qxg4 35.fxg4 Bxd2 36.Kg3 e3 37.fxe3 Bxe3 38.Rd1 Bb6 39.Kf4 a5 40.
Rd5 b4 41.cxb4 axb4 42.Kf5 Bc5 43.Ke6 Kg6 44.Rxd6 Bxd6 45.Kxd6 Kg5 46.a4 
bxa3 47.bxa3 Kxg4 48.a4 h5 49.a5 h4 50.a6 Kg3 51.a7 h3 52.a8=Q Kh2 53.Qf3 
1-0

[Event "2e Open Condom"]
[Site "?"]
[Date "2003.??.??"]
[Round "?"]
[White "Raut, Cristian"]
[Black "Levin, C."]
[Result "0-1"]
[WhiteElo "2258"]
[BlackElo "2520"]
[EventDate "2003.??.??"]
[PlyCount "45"]

1.e4 e5 2.Nf3 Nc6 3.Bc4 d6 4.d4 Bg4 5.Bb5 exd4 6.Qxd4 Nf6 7.Bg5 Bd7 8.Bxc6
Bxc6 9.Nc3 Be7 10.O-O-O O-O 11.e5 dxe5 12.Qc4 Nd7 13.h4 h6 14.Be3 Bd6 15.
Rh3 Qe7 16.g4 Qe6 17.Qf1 b5 18.g5 b4 19.Nb1 h5 20.Nfd2 g6 21.b3 a5 22.f3 
Nc5 23.Nc4 {...} 0-1

[Event "R5 Colomiers-CEIT"]
[Site "?"]
[Date "2003.01.17"]
[Round "4"]
[White "Hantisse, Alain"]
[Black "Bakouche, Paul"]
[Result "1/2-1/2"]
[WhiteElo "1850"]
[BlackElo "1650"]
[EventDate "2003.??.??"]
[PlyCount "117"]

1.e4 c5 2.Nf3 d6 3.d4 cxd4 4.Nxd4 Nf6 5.Nc3 a6 6.Be2 e6 7.Be3 Be7 8.g4 Nc6
9.g5 Nd7 10.Nxc6 bxc6 11.Qd2 Bb7 12.f4 d5 13.Bf3 Bb4 14.a3 Be7 15.Na4 Qc7 
16.b3 Rd8 17.Qc3 f6 18.b4 e5 19.exd5 exf4 20.dxc6 Ne5 21.Bh5+ g6 22.Bb6 
Qxc6 23.Qxc6+ Bxc6 24.Bxd8 Bxd8 25.Be2 Bxh1 26.Bxa6 Bf3 27.c4 fxg5 28.c5 
Kd7 29.Kf2 g4 30.Ra2 Bh4+ 31.Kg1 Rd8 32.Rd2+ Kc7 33.Rxd8 Kxd8 34.Nc3 Kc7 
35.Bb5 Bc6 36.a4 Be1 37.Bxc6 Nxc6 38.Ne2 Bxb4 39.Nxf4 Bxc5+ 40.Kg2 Ne5 41.
h3 gxh3+ 42.Kxh3 Nf7 43.Ne6+ Kc6 44.Kg4 Bd6 45.Kf3 Kb6 46.Ke4 Ka5 47.Kd5 
Ba3 48.Nf4 g5 49.Nd3 Nd6 50.Ke5 Nc4+ 51.Kf5 Nb2 52.Nxb2 Bxb2 53.Kxg5 Bc1+ 
54.Kg4 Kxa4 55.Kg3 Kb3 56.Kg2 Kc3 57.Kh1 Kd3 58.Kg2 Ke3 59.Kh1 1/2-1/2

[Event "R5 Colomiers-CEIT"]
[Site "?"]
[Date "2003.01.17"]
[Round "4"]
[White "Aflallo, Fortunio"]
[Black "Alladaye, René"]
[Result "1/2-1/2"]
[WhiteElo "1620"]
[BlackElo "1750"]
[EventDate "2003.??.??"]
[PlyCount "68"]

1.e4 c5 2.c3 d6 3.d4 Nf6 4.dxc5 Nc6 5.f3 dxc5 6.Qxd8+ Nxd8 7.e5 Nd5 8.Bb5+
Bd7 9.Bxd7+ Kxd7 10.Ne2 Nc6 11.f4 e6 12.O-O Kc7 13.c4 Ndb4 14.Nbc3 a6 15.
Rd1 Be7 16.a3 Nc2 17.Rb1 Rad8 18.Bd2 Rd7 19.Rbc1 N2d4 20.Nxd4 Nxd4 21.Be3 
Rhd8 22.Bxd4 Rxd4 23.Rxd4 Rxd4 24.g3 Rxc4 25.f5 Rd4 26.fxe6 fxe6 27.Rf1 
Rd7 28.Ne4 b5 29.Rf7 c4 30.Rxg7 Kc6 31.Kg2 b4 32.axb4 Bxb4 33.Rxd7 Kxd7 
34.Kf3 Kc6 1/2-1/2

[Event "R5-A-Muret CD/Castel M"]
[Site "?"]
[Date "2003.01.18"]
[Round "6.4"]
[White "NN"]
[Black "Brotons, Andre"]
[Result "1-0"]
[WhiteElo "1420"]
[BlackElo "1300"]
[EventDate "2002.12.22"]
[PlyCount "69"]

1.d4 d5 2.Nf3 Nf6 3.g3 e6 4.Bg2 Nc6 5.O-O h6 6.c3 Bd6 7.b4 a6 8.a4 Bd7 9.
a5 Qe7 10.e3 O-O 11.Nfd2 Na7 12.Na3 Bc6 13.Nb3 b6 14.Bb2 g5 15.Nd2 Kg7 16.
Nf3 Rh8 17.Ne5 Rh7 18.Nxc6 Nxc6 19.b5 Nxa5 20.bxa6 c6 21.Nc2 Rxa6 22.Nb4 
Bxb4 23.cxb4 Qxb4 24.Ba3 Qc4 25.Re1 Nb7 26.Bf1 Qa4 27.Bxa6 Qxa6 28.Qb1 Ne4
29.Bf8+ Kxf8 30.Rxa6 b5 31.Qb4+ Ned6 32.Rxc6 Kg7 33.Rxd6 Nxd6 34.Qxd6 Rh8 
35.Rb1 1-0

[Event "R5-A-Muret CD/Castel M"]
[Site "?"]
[Date "2003.01.18"]
[Round "2.4"]
[White "Bxxxx, Sxxxx"]
[Black "Cebollero, Daniel"]
[Result "0-1"]
[WhiteElo "1499"]
[BlackElo "1660"]
[EventDate "2002.12.22"]
[PlyCount "56"]
[SourceDate "2002.12.17"]

1.e4 c5 2.Bc4 e6 3.e5 Nc6 4.Nf3 Qc7 5.Qe2 d6 6.exd6 Qxd6 7.d3 Nf6 8.Bg5 
Be7 9.Nc3 a6 10.Na4 Qc7 11.c3 b5 12.Nxc5 Bxc5 13.Bb3 Be7 14.d4 Qd6 15.a4 
bxa4 16.Bxa4 Bb7 17.Ne5 O-O 18.Qe3 Nd5 19.Qg3 Bxg5 20.Qxg5 f6 21.Qh5 fxe5 
22.Bc2 Nf6 23.Qh4 exd4 24.cxd4 Nxd4 25.Ba4 Qb4+ 26.Kf1 Be4 27.Bd1 Bd3+ 28.
Kg1 Qe1# 0-1

[Event "R5-A-Castel M/Muret CD"]
[Site "?"]
[Date "2003.01.18"]
[Round "3.4"]
[White "Duhon, Marie Pierre"]
[Black "Mxxxx"]
[Result "0-1"]
[WhiteElo "1499"]
[BlackElo "1499"]
[EventDate "2002.12.22"]
[PlyCount "60"]
[SourceDate "2002.12.17"]

1.e4 e6 2.Nf3 d5 3.Nc3 Nf6 4.Bd3 Bc5 5.O-O c6 6.a3 Bb6 7.Ne5 Nbd7 8.Ng4 
Nxg4 9.Qxg4 g6 10.b4 Bc7 11.g3 Ne5 12.Qe2 Qf6 13.f4 Nxd3 14.Qxd3 Bd7 15.
Bb2 Bb6+ 16.Kh1 O-O-O 17.Rab1 Rhg8 18.Na4 e5 19.Nxb6+ axb6 20.exd5 cxd5 
21.Qxd5 Bc6 22.c4 Bxd5+ 23.cxd5 Rxd5 24.Rbc1+ Kd7 25.Rc2 Rc8 26.Rcc1 Rxc1 
27.Bxc1 Qf5 28.Bb2 Rxd2 29.Bc3 Qe4+ 30.Kg1 Qg2# 0-1

[Event "R5-A-Muret CD/Castel M"]
[Site "?"]
[Date "2003.01.18"]
[Round "4.4"]
[White "NN"]
[Black "Carteron, Olivier"]
[Result "0-1"]
[WhiteElo "1510"]
[BlackElo "1260"]
[EventDate "2002.12.22"]
[PlyCount "112"]

1.c4 e5 2.g3 d6 3.Nc3 Be6 4.Bg2 c6 5.d3 Be7 6.e4 Nf6 7.Nge2 Nbd7 8.O-O Bg4
9.Be3 a6 10.a4 Nc5 11.b3 Qc7 12.b4 Bxe2 13.Nxe2 Ne6 14.h3 O-O 15.Rb1 Qd7 
16.Nc3 a5 17.b5 c5 18.Qd2 b6 19.Nd5 Nxd5 20.cxd5 Nd4 21.f4 Bf6 22.f5 Qe7 
23.Kf2 h6 24.Rh1 Bg5 25.Rhc1 g6 26.h4 Bxe3+ 27.Qxe3 Kg7 28.Bf3 gxf5 29.Rb2
f4 30.gxf4 Qxh4+ 31.Kg1 Qh3 32.Rg2+ Kh7 33.Kf2 Rg8 34.Rcg1 Rxg2+ 35.Rxg2 
Qh4+ 36.Kf1 Nxf3 37.Qxf3 Qxf4 38.Qxf4 exf4 39.Rg4 Rg8 40.Rxf4 Kg6 41.Rg4+ 
Kh7 42.Rf4 Rg7 43.Rf6 Rg6 44.Rxf7+ Kg8 45.Rb7 h5 46.Rxb6 h4 47.Rb8+ Kg7 
48.Re8 h3 49.b6 h2 50.Re7+ Kh6 51.Ke2 h1=Q 52.Rf7 Rg2+ 53.Rf2 Rxf2+ 54.
Kxf2 Qb1 55.Kf3 Kg6 56.Ke3 Qxb6 0-1

[Event "R5-A-Castel M/Muret CD"]
[Site "?"]
[Date "2003.01.18"]
[Round "5.4"]
[White "Castro, Jean Pierre"]
[Black "NN"]
[Result "0-1"]
[WhiteElo "1320"]
[BlackElo "1530"]
[EventDate "2002.12.22"]
[PlyCount "70"]

1.d4 d5 2.c4 c6 3.Nf3 Nf6 4.Bg5 e6 5.e3 Be7 6.Bf4 Nbd7 7.Nc3 Nh5 8.Ne2 
dxc4 9.Ng3 Nxf4 10.exf4 b5 11.a3 O-O 12.Ne5 Bb7 13.Be2 Qa5+ 14.Qd2 Qxd2+ 
15.Kxd2 Rfd8 16.Ke3 Nf6 17.Bf3 Nd5+ 18.Bxd5 cxd5 19.Rhc1 f6 20.Nf3 a5 21.
Ke2 Bd6 22.Nh5 Kf7 23.Ke3 b4 24.Ng1 Ba6 25.Nh3 Rdc8 26.f3 c3 27.bxc3 Rxc3+
28.Rxc3 bxc3 29.Ng3 Rb8 30.Nf2 Rb3 31.a4 Bb4 32.Nd3 c2 33.Ne2 Rxd3+ 34.Kf2
Rd2 35.Ke3 Rxe2# 0-1

[Event "R5-A-Castel M/Muret CD"]
[Site "?"]
[Date "2003.01.18"]
[Round "1.4"]
[White "Sangoi, Jean-Jacques"]
[Black "NN"]
[Result "1-0"]
[WhiteElo "1760"]
[BlackElo "1499"]
[EventDate "2002.12.22"]
[PlyCount "56"]

1.d4 e6 2.c4 d6 3.e4 Nf6 4.Nc3 Be7 5.f4 Nc6 6.Nf3 O-O 7.a3 b6 8.Bd3 Nd7 9.
Qc2 g6 10.Be3 Bf6 11.e5 Bg7 12.Ng5 Qe8 13.Nb5 Qe7 14.Nxc7 Rb8 15.Nb5 f6 
16.exd6 Qe8 17.Nc7 Qd8 18.Ngxe6 Bb7 19.Nxd8 Nxd8 20.O-O-O Nf7 21.Ne6 Rfe8 
22.f5 g5 23.Qe2 Nxd6 24.h4 Ne4 25.Rh3 Rbc8 26.Qh5 Bd5 27.hxg5 fxg5 28.
Qxh7+ Kf7 1-0

[Event "R6Ronde4 Ramonville3-Albi2"]
[Site "?"]
[Date "2003.01.19"]
[Round "4.2"]
[White "Lambolez, Alexandre"]
[Black "Raynaud, Pascal"]
[Result "0-1"]
[WhiteElo "1590"]
[BlackElo "1530"]
[EventDate "2003.??.??"]
[PlyCount "56"]

1.e4 d6 2.d4 Nd7 3.Nc3 c6 4.Bc4 e5 5.d5 Be7 6.Nf3 Ngf6 7.Qd3 O-O 8.Be3 Qc7
9.Bb3 Nc5 10.Bxc5 dxc5 11.Rd1 Rd8 12.O-O Bg4 13.Rd2 b5 14.Nxb5 cxb5 15.
Qxb5 Rab8 16.Qd3 Bd6 17.c4 Qa5 18.Nh4 g5 19.Nf3 Bxf3 20.gxf3 Nh5 21.Qe3 h6
22.h4 Nf4 23.hxg5 hxg5 24.Kh2 Qc7 25.Rg1 f6 26.Rh1 Kg7 27.Kg1 Rh8 28.Kf1 
Rxh1# 0-1

[Event "R5 Colomiers-CEIT"]
[Site "?"]
[Date "2003.01.19"]
[Round "4"]
[White "Amblard, Phillipe"]
[Black "Rigal, Samy"]
[Result "1-0"]
[WhiteElo "1499"]
[BlackElo "1510"]
[EventDate "2003.??.??"]
[PlyCount "71"]

1.e4 e5 2.Nf3 Nc6 3.Bb5 a6 4.Ba4 b5 5.Bb3 Bc5 6.d3 d6 7.h3 Nf6 8.Bg5 h6 9.
Bh4 Bb7 10.c3 b4 11.Bd5 g5 12.Bxc6+ Bxc6 13.Bg3 a5 14.Nbd2 a4 15.Qc2 Bd7 
16.cxb4 Bxb4 17.Qc4 Rb8 18.Rb1 Be6 19.Qc2 Bxa2 20.Qxa4+ Nd7 21.Qxa2 f6 22.
O-O h5 23.Nb3 Ra8 24.Na5 Bxa5 25.Ra1 Nc5 26.b4 c6 27.bxc5 dxc5 28.Qe6+ Kf8
29.Qxc6 Rc8 30.Qb7 Bc3 31.Ra7 Rc7 32.Qxc7 Qxc7 33.Rxc7 Bb4 34.Ra1 Ba5 35.
Rxa5 Rh7 36.Ra8# 1-0

[Event "R5 Colomiers-CEIT"]
[Site "?"]
[Date "2003.01.19"]
[Round "4"]
[White "Chevalier, Pierre"]
[Black "Marouani, Selim"]
[Result "0-1"]
[WhiteElo "1320"]
[BlackElo "1350"]
[EventDate "2003.??.??"]
[PlyCount "56"]

1.e4 d6 2.d4 g6 3.Nc3 Bg7 4.Be3 Nf6 5.f4 O-O 6.Nf3 Bg4 7.Bd3 Qd7 8.O-O 
Bxf3 9.Rxf3 Ng4 10.Be2 Nc6 11.Rg3 Nxe3 12.Rxe3 Bxd4 13.Bg4 Bxe3+ 14.Kh1 e6
15.Qf3 Bd4 16.Nd5 Qd8 17.c3 exd5 18.Rd1 dxe4 19.Qxe4 Re8 20.Qd5 Bc5 21.h4 
Qxh4+ 22.Bh3 Re1+ 23.Rxe1 Qxe1+ 24.Kh2 Qg1+ 25.Kg3 Bf2+ 26.Kf3 Re8 27.f5 
Re3+ 28.Kf4 Rxh3 0-1

[Event "R5 Colomiers-CEIT"]
[Site "?"]
[Date "2003.01.19"]
[Round "4"]
[White "Blesing, René"]
[Black "Lafforgue, Jean-Michel"]
[Result "1-0"]
[WhiteElo "1690"]
[BlackElo "1700"]
[EventDate "2003.??.??"]
[PlyCount "55"]

1.e4 c6 2.d4 d5 3.Nc3 dxe4 4.Nxe4 Bf5 5.Ng3 Bg6 6.Nf3 e6 7.Ne5 Nf6 8.h4 h6
9.Nxg6 fxg6 10.Bd3 Kf7 11.c3 Qd5 12.Qc2 Qxg2 13.Bxg6+ Kg8 14.Qb3 Qd5 15.
Qxb7 Nfd7 16.Be4 Qd6 17.Qxa8 Nf6 18.Bg6 e5 19.Qxa7 Nbd7 20.h5 Qd5 21.Be3 
Qf3 22.Qc7 Qd5 23.Qd8 Qf3 24.Nf5 Rh7 25.Rg1 Ng4 26.Qxd7 Nxe3 27.Qf7+ Kh8 
28.Qxf8# 1-0

[Event "R5 Colomiers-CEIT"]
[Site "?"]
[Date "2003.01.19"]
[Round "4"]
[White "Villeneuve, Bertrand"]
[Black "Artis, Paul"]
[Result "1-0"]
[WhiteElo "1499"]
[BlackElo "1490"]
[EventDate "2003.??.??"]
[PlyCount "52"]

1.d4 Nf6 2.c4 g6 3.Nc3 Bg7 4.e4 d6 5.Nf3 O-O 6.Be2 c5 7.d5 Nbd7 8.Bf4 Nh5 
9.Bg5 h6 10.Be3 e5 11.dxe6 Ne5 12.Nxe5 Bxe5 13.Bxh5 gxh5 14.Bxh6 Bg7 15.
Bxg7 Kxg7 16.Qxh5 Bxe6 17.Nd5 Rh8 18.Qf3 Rh6 19.O-O-O Qg5+ 20.Kb1 Bg4 21.
Qc3+ f6 22.f3 Bd7 23.Qe3 Qe5 24.Qf4 Rf8 25.g4 Bc6 26.Qf5 Bd7 1-0

[Event "R6Ronde4 Ramonville3-Albi2"]
[Site "?"]
[Date "2003.01.19"]
[Round "4.1"]
[White "MEHADHEBI, Karim"]
[Black "AUREJAC, Pierre"]
[Result "1/2-1/2"]
[WhiteElo "1499"]
[BlackElo "1530"]
[PlyCount "122"]

1.Nf3 Nf6 2.c4 c5 3.Nc3 d6 4.e4 e5 5.h3 g6 6.d3 Bg7 7.Bg5 O-O 8.Qd2 a6 9.
Be2 Nc6 10.Nh2 Ne7 11.Bg4 Bxg4 12.hxg4 Nd7 13.Bh6 f6 14.Bxg7 Kxg7 15.Nf1 
Rh8 16.Qh6+ Kf7 17.Ne3 Qf8 18.O-O-O Qxh6 19.Rxh6 b5 20.cxb5 axb5 21.Nxb5 
Rxa2 22.Nxd6+ Kg7 23.Rdh1 Nb6 24.Nec4 Nd7 25.Nb5 Raa8 26.g3 Rab8 27.Nca3 
Rbc8 28.f4 Nb6 29.b3 Nc6 30.Nc2 Nd4 31.Ncxd4 cxd4+ 32.Kb2 Rc5 33.Nd6 Rc3 
34.Nc4 Nd7 35.g5 Rxd3 36.gxf6+ Kxf6 37.Rxh7 Rd8 38.fxe5+ Nxe5 39.Nxe5 Kxe5
40.Re7+ Kf6 41.Rhh7 Rxg3 42.Rhf7+ Kg5 43.Rd7 Rxd7 44.Rxd7 d3 45.b4 Re3 46.
Rd4 Kf4 47.Kc3 g5 48.b5 d2+ 49.Kc2 d1=Q+ 50.Rxd1 Rxe4 51.Kc3 g4 52.b6 Re7 
53.Rd8 Rf7 54.Rd4+ Kg3 55.Rd3+ Kh2 56.Rd2+ Kh3 57.Rd3+ g3 58.Kc4 Kh2 59.
Rd8 g2 60.Rh8+ Kg1 61.Rg8 Kf1 1/2-1/2

[Event "R6Ronde4 L'union-Cahors2"]
[Site "?"]
[Date "2003.01.19"]
[Round "4.4"]
[White "Rouqual, Guy"]
[Black "Blanc, Clement"]
[Result "1-0"]
[WhiteElo "1540"]
[BlackElo "1280"]
[EventDate "2003.??.??"]
[PlyCount "63"]

1.d4 e6 2.e4 Nf6 3.Bg5 Be7 4.Bd3 h6 5.Bh4 Nc6 6.c3 a6 7.f4 b5 8.Nd2 b4 9.
Qf3 Bb7 10.Ne2 Rb8 11.O-O d5 12.e5 Nd7 13.Bg3 g6 14.Rf2 Ba8 15.b3 bxc3 16.
Nxc3 Bb4 17.Bxa6 Nxd4 18.Qd3 c5 19.Nf3 Qb6 20.Na4 Qa7 21.Nxd4 cxd4 22.Rc1 
O-O 23.Qe2 Ba3 24.Rc2 Nc5 25.Nxc5 Bxc5 26.Bd3 Bb4 27.Bh4 Bc3 28.Bf6 Kh7 
29.g4 Rb6 30.g5 h5 31.Qxh5+ Kg8 32.Qh8# 1-0

[Event "R5-Vic/Condom"]
[Site "?"]
[Date "2003.01.19"]
[Round "2.4"]
[White "Woloszyn, Florent"]
[Black "Grelier, Gilles"]
[Result "1-0"]
[WhiteElo "1860"]
[BlackElo "1940"]
[EventDate "2002.12.22"]
[PlyCount "77"]

1.d4 Nf6 2.Nf3 d5 3.Bf4 c5 4.c3 Nc6 5.e3 Qb6 6.Qb3 c4 7.Qc2 Bf5 8.Qc1 e6 
9.Nh4 Bg6 10.Nxg6 hxg6 11.Qc2 Be7 12.h3 Ne4 13.Nd2 g5 14.Bh2 Nxd2 15.Qxd2 
g4 16.hxg4 Bd6 17.f4 Qd8 18.g3 b5 19.Bg2 g5 20.Qf2 b4 21.e4 bxc3 22.bxc3 
Qa5 23.Qd2 Rb8 24.O-O gxf4 25.gxf4 Kd7 26.e5 Ba3 27.Rad1 Rb2 28.Qe3 Rc2 
29.Rf3 Rb8 30.f5 Rbb2 31.fxe6+ fxe6 32.Rg3 Be7 33.g5 Bf8 34.Rf1 Rb8 35.g6 
Ba3 36.g7 Ne7 37.Bh3 Ng8 38.Rg6 Rxc3 39.Bxe6+ {temps} 1-0